=LDR 00000nam 2200000 4500 =001 INLIS000000000009958 =005 20130612101717 =008 ***********************************Ind** =035 ##$$0010-061300000009958 =041 ##$$a Ind =082 ##$$a 028.5 =090 ##$$a 028.5, Ber b =100 ##$$a Bertino, Andree =245 ##$$a Bangsa spanyol di grand Canyon, Andree Bertino ; alih bahasa, Esther Manjani =260 ##$$a 1996 $b Jakarta =300 ##$$a 24 hlm, ilus, 1996 =650 ##$$a Bacaan anak-anak =850 ##$$a NBPNMAT